LEADER 01123nam a2200277 i 4500 001 000000226795 003 CaOOAMICUS 005 20140203000000.0 008 140203s2006 it u000 u ita u 013 $a205697 020 $a88-8248-206-5 040 $aSeMil$bita 100 1 $aFrigerio, Gianstefano.$0(OLS)http://semarc/name/49160 245 13$aIl cuore di tenebra del XXI secolo /$cGianstefano Frigerio. 260 $aMilano :$bBietti,$c2006. 300 $a296 p. ;$c20 cm. 490 0 $aCaleidoscopio 500 $aIn copertina : Prefazione di Silvio Berlusconi. 650 4$aPolitica internazionale - 2001-2002.$0(OLS)http://semarc/subject/41147 830 0$aCaleidoscopio.$0(OLS)http://semarc/title/15466 850 $aSeMil 852 $aSeMil$W1$xVenegono$y1$m3N II 693$j177141$B177141$CSeMilBibl$Z2$F188348 $81 961 $aOmaggio: Grampa dott. Cesare 996 $6020$a88-8248-206-5$9(OLS)http://semarc/number/228177 996 $6245$aIl cuore di tenebra del XXI secolo$9(OLS)http://semarc/title/324698 996 $6260$aMilano :$bBietti$9(OLS)http://semarc/publisher/31762 LEADER 01074nam a2200265 i 4500 001 000000124641 003 CaOOAMICUS 005 20040326000000.0 008 040326s1926 it u000 u ita u 013 $a97338 040 $aSeMil$bita 100 1 $aReitano, Silvia.$0(OLS)http://semarc/name/51795 245 10$aSant'Agata /$cSilvia Reitano. 260 $aTorino [etc.] :$bSEI,$c1926. 300 $a210 p., [1] p. di ritratto ;$c17 cm. 490 0 $aLe vite dei santi narrate ai giovani 500 $aContiene : bibliografia minima. 600 04$aAgata .$0(OLS)http://semarc/subject/1940 830 3$aLe vite dei santi narrate ai giovani.$0(OLS)http://semarc/title/14262 850 $aSeMil 852 $aSeMil$W1$xVenegono$y1$m54 101 8 *$j243513$B79183$CSeMilBibl$Z2$F81325 $81 961 $aRecupero: Biblioteca Seminario Saronno 961 $aRilegatura di manutenzione [Legatoria Desio, doc. 07/08/2023] 996 $6245$aSant'Agata$9(OLS)http://semarc/title/183437 996 $6260$aTorino [etc.] :$bSEI$9(OLS)http://semarc/publisher/32375